5HLuxD.jpg

KING HENRY VIII SENIOR AND PRIMARY SCHOOL LIBRARY OPAC

The werewolves who weren't (Record no. 3529)

000 -LEADER
fixed length control field 01360nam a22002177a 4500
005 - DATE AND TIME OF LATEST TRANSACTION
control field 20240219141400.0
008 - FIXED-LENGTH DATA ELEMENTS--GENERAL INFORMATION
fixed length control field 240219b ||||| |||| 00| 0 eng d
020 ## - INTERNATIONAL STANDARD BOOK NUMBER
International Standard Book Number 9781526600806
040 ## - CATALOGING SOURCE
Transcribing agency KH8
082 ## - DEWEY DECIMAL CLASSIFICATION NUMBER
Classification number 823.92 SHE
100 ## - MAIN ENTRY--PERSONAL NAME
Personal name Shelley, T. C.
Relator term Author
245 ## - TITLE STATEMENT
Title The werewolves who weren't
Statement of responsibility, etc. T. C. Shelley
260 ## - PUBLICATION, DISTRIBUTION, ETC.
Place of publication, distribution, etc. London,
Name of publisher, distributor, etc. Bloomsbury Childrens Books,
Date of publication, distribution, etc. 2020
300 ## - PHYSICAL DESCRIPTION
Extent 303 pages ;
Dimensions 20 cm.
520 ## - SUMMARY, ETC.
Summary, etc. Sam might be half-monster and half-fairy, but since finding a loving family with the Kavanaghs, his daily life has been all human. And now he's facing one of the greatest human challenges -- starting secondary school. But Sam barely has time to worry about the strange stuff teachers say (why do they call it the Great War when it sounds like was anything but great?) before he is thrust back into the world of monsters. Sam's school friends Amira, Hazel and Wilfred reveal that they are shifters: noble twin-souled beings who live half their lives as humans and the other half as dogs. When his new friends are kidnapped one by one, Sam is dragged into an adventure that will force him to confront both halves of his own identity, monster and fairy, if he wants a chance at saving their lives..<br/>
521 ## - TARGET AUDIENCE NOTE
Target audience note 9+.
650 ## - SUBJECT ADDED ENTRY--TOPICAL TERM
Topical term or geographic name entry element Children's stories
650 ## - SUBJECT ADDED ENTRY--TOPICAL TERM
Topical term or geographic name entry element Fairies
650 ## - SUBJECT ADDED ENTRY--TOPICAL TERM
Topical term or geographic name entry element Fantasy fiction
942 ## - ADDED ENTRY ELEMENTS (KOHA)
Source of classification or shelving scheme
Koha item type Books - Fiction
Holdings
Withdrawn status Lost status Source of classification or shelving scheme Damaged status Not for loan Collection code Permanent Location Current Location Shelving location Date acquired Total Checkouts Full call number Barcode Date last seen Date last checked out Price effective from Koha item type
          Fiction KH8 Primary School Library KH8 Primary School Library Non Fiction 2024-02-19 4 823.92 SHE KHPL000004475 2025-12-05 2025-05-19 2024-02-19 Books - Fiction

Powered By KH8 IT Dept